02137nam a2200469 a 4500001001000000003000500010005001700015008004100032010001100073011001100084040000900095090001000104100003400114245028000148260004100428500006000469502010300529590003700632590004000669590004000709590004000749590004000789590004000829590004000869590004000909590004000949590004000989590004001029590004001069650002901109650002801138650003401166650006301200856001601263856007001279901000701349942001001356942000601366999001901372952013601391952014001527000112830CHAP20220329144324.0170113s2016 mx a fsm |||||||spa d a109291 a110263 cCHAP aTesis1 aBedoya Cardoso, Marlio91123710aEstimación de la producción mundial del café y el precio diario del café suave colombiano utilizando redes neuronales artificiales y modelos autoregresivos integrados de promedios móviles con variables exógenas (ARIMAX) /h[En línea]cpor Marlio Bedoya Cardoso. aChapingo, Méx. :bEl autor,c2016. aPara ver el contenido del material haga clic en la liga aTesis (Ph.D. en Economía Agrícola) -- UACH. División de Ciencias Económico Administrativas aBATCHb00c20181121lUCH01h0759 aE6096MTMb05c20170223lUCH01h1259 aE6096MTMb05c20170301lUCH01h1501 aE6096MTMb05c20170302lUCH01h1342 aE8697GMMb05c20170113lUCH01h1248 aE8697GMMb05c20170113lUCH01h1249 aE8697GMMb05c20170126lUCH01h0848 aE8697GMMb05c20170131lUCH01h1404 aE8697GMMb05c20170206lUCH01h0920 aE8697GMMb05c20170215lUCH01h1429 aE8697GMMb05c20170221lUCH01h0934 aE8697GMMb05c20170223lUCH01h083814aCaféxColombia.91711614aCaféxPrecios.91718714aCaféxProducción.912977914aProcesamiento automático de datos en agricultura.991751 a1 n0000882 aFinding aiduhttp://10.13.5.2/tesis/sist112830.pdfzTeclea aquí aBK cTESIS n0 c109291d109291 00104054718TESISaBCbBCd2017-01-13fTESISl0oTesisp33724002526884r2019-12-31 00:00:00w2019-12-31yTESISzRecien adquirido 00102local4053708TESISaBCbBCcPA_TESISd2017-01-13fTESISl0oTesisp33724002526926r2019-12-31 00:00:00tc.2w2019-12-31yTESIS